Faculty of Law Library — Cairo University

Official Online Catalog

Quaestionum juris publici libri duo. (Record no. 48258)

MARC details
000 -LEADER
fixed length control field 01466naa a2200337 i 4500
003 - CONTROL NUMBER IDENTIFIER
control field EG-GICUC
005 - DATE AND TIME OF LATEST TRANSACTION
control field 20260121101428.0
008 - FIXED-LENGTH DATA ELEMENTS--GENERAL INFORMATION
fixed length control field 251203s1930 us ||||fr|||||||1 | lat d
040 ## - CATALOGING SOURCE
Original cataloging agency EG-GiCUC
Language of cataloging eng
Transcribing agency EG-GiCUC
Modifying agency EG-GiCUC
Description conventions rda
082 04 - DEWEY DECIMAL CLASSIFICATION NUMBER
Edition number 21
Classification number 341.1
Item number BY . Q
092 04 - LOCALLY ASSIGNED DEWEY CALL NUMBER (OCLC)
Edition number 21
099 ## - LOCAL FREE-TEXT CALL NUMBER (OCLC)
Classification number Law1 11 341.1 BY . Q 1930
100 1# - MAIN ENTRY--PERSONAL NAME
Personal name Bynkershoek, Cornelis van,
Dates associated with a name 1673-1743,
Relator term Author.
245 10 - TITLE STATEMENT
Title Quaestionum juris publici libri duo.
Number of part/section of a work Volume One,
Name of part/section of a work A Photographic Reproduction of the Edition of 1737 /
Statement of responsibility, etc. by Cornelius van Bynkershoek.
264 #3 - PRODUCTION, PUBLICATION, DISTRIBUTION, MANUFACTURE, AND COPYRIGHT NOTICE
Place of production, publication, distribution, manufacture Oxford :
Name of producer, publisher, distributor, manufacturer The Clarendon University Press,
Date of production, publication, distribution, manufacture, or copyright notice 1930.
264 #1 - PRODUCTION, PUBLICATION, DISTRIBUTION, MANUFACTURE, AND COPYRIGHT NOTICE
Place of production, publication, distribution, manufacture London :
Name of producer, publisher, distributor, manufacturer Humphrey Milford,
Date of production, publication, distribution, manufacture, or copyright notice 1930.
300 ## - PHYSICAL DESCRIPTION
Extent Various paging :
Dimensions 24 cm.
Other physical details Photograph ;
336 ## - CONTENT TYPE
Source rda content
Content type term text
337 ## - MEDIA TYPE
Source rda media
Media type term Computer
338 ## - CARRIER TYPE
Source rda carrier
Carrier type term Online Resource
490 0# - SERIES STATEMENT
Series statement The classics of international law.
500 ## - GENERAL NOTE
General note Includes index
500 ## - GENERAL NOTE
General note Text in Latin<br/>with a List of Errata, and a Portrait of Bynkershoek.<br/>
504 ## - BIBLIOGRAPHY, ETC. NOTE
Bibliography, etc. note Includes Bibliographic references<br/>
505 ## - FORMATTED CONTENTS NOTE
Formatted contents note VOL. I. A Photographic Reproduction of the Edition of 1737, with a List of Errata, and a Portrait of Bynkershoek.<br/><br/>VOL. II. A Translation of the Text, by Tenney Frank, with an Introduction by J. de Louter, and an Index.
650 14 - SUBJECT ADDED ENTRY--TOPICAL TERM
Source of heading or term qrmak
General subdivision Public international law
651 1# - SUBJECT ADDED ENTRY--GEOGRAPHIC NAME
Source of heading or term qrmak
856 40 - ELECTRONIC LOCATION AND ACCESS
Uniform Resource Identifier <a href="https://fll.law.cu.edu.eg/fulltext/bks/B11-05404.pdf">https://fll.law.cu.edu.eg/fulltext/bks/B11-05404.pdf</a>
905 ## - Cataloger and Reviser Names
Cataloger Name: Rawan khaled
Revisor Name: Hassnaa
942 ## - ADDED ENTRY ELEMENTS (KOHA)
Source of classification or shelving scheme Dewey Decimal Classification
Suppress in OPAC No
Koha item type Books
Edition 21
Holdings
Withdrawn status Lost status Source of classification or shelving scheme Damaged status Not for loan Collection Home library Current library Date acquired Total checkouts Full call number Barcode Date last seen Copy number Price effective from Koha item type
    Dewey Decimal Classification   Not for loan القانون الدولي العام جــــامعة القــاهرة مكتبة كلية الحقوق - المبنى الرئيسي 03.12.2025   Law1 11 341.1 BY . Q 1930 1105404 V1, C1 B11-05404 03.12.2025 1 03.12.2025 Books
    Dewey Decimal Classification     القانون الدولي العام جــــامعة القــاهرة مكتبة كلية الحقوق - المبنى الرئيسي 03.12.2025   Law1 11 341.1 BY . Q 1930 1105275 V1, C2 B11-05275 03.12.2025 2 03.12.2025 Books
    Dewey Decimal Classification     القانون الدولي العام جــــامعة القــاهرة مكتبة كلية الحقوق - فـرع الشيخ زايد 03.12.2025   Law2 11 341.1 BY . Q 1930 1105310 V1, C3 B11-05310 03.12.2025 3 03.12.2025 Books

© All rights reserved — Faculty of Law, Cairo University